000 00658nam a22002177a 4500
003 OSt
005 20251220155942.0
008 251220b |||||||| |||| 00| 0 eng d
020 _a987654321
040 _cDCL
041 _aEnglish
082 _a320.9591
100 0 _aMaung Maung Gyi
245 1 0 _aBurmese Political Values :
_bThe Socio - Political Roots of Authoritarianism /
_cMaung Maung Gyi.
260 _aNew York :
_bPraeger,
_c1983.
300 _axiii, 274 pages :
_c24 cm.
504 _aBibliography: p. 251-267
650 _aAuthoritarianism
_zMyanmar
651 _aMyanmar
_vPolitics and goverment
942 _2ddc
_cSHORT TERM
_n0
999 _c2763
_d2763